[Event "Osasco Terzian Memorial"]
[Site "Osasco"]
[Date "2019.12.07"]
[Round "4"]
[White "Alves, Peterson Reinan"]
[Black "Da Silva, Isabela Ferreira Lu"]
[Result "1-0"]
[WhiteElo "1689"]
[BlackElo "1321"]
[PlyCount "57"]
[EventDate "2019.12.06"]
[EventType "swiss"]
[EventRounds "6"]
[EventCountry "BRA"]
[SourceTitle "CBM 193 Extra"]
[Source "ChessBase"]
[SourceDate "2020.01.31"]
[SourceVersion "1"]
[SourceVersionDate "2020.01.31"]
[SourceQuality "1"]

1. e4 c5 2. Nf3 e6 3. c3 d6 4. d4 cxd4 5. cxd4 Nf6 6. Bd3 Be7 7. 0-0 0-0 8. Qc2 g6 9. Bh6 Re8 10. Nbd2 a6 11. Rac1 b5 12. Qc7 Qd7 13. Rc2 Bb7 14. Rfc1 Bd8 15. Qc3 Nc6 16. Nb3 Rc8 17. Qd2 Be7 18. h3 Na7 19. Qe3 Rxc2 20. Rxc2 Rc8 21. d5 Rxc2 22. dxe6 fxe6 23. Bxc2 Nc6 24. Nbd4 Nxd4 25. Nxd4 e5 26. Bb3+ Kh8 27. Ne6 Ne8 28. Qf3 Bh4 29. Qf8# 1-0

[Event "Osasco Terzian Memorial"]
[Site "Osasco"]
[Date "2019.12.07"]
[Round "3"]
[White "Nobre, Jose Adalberto Barb"]
[Black "Alves, Peterson Reinan"]
[Result "1-0"]
[WhiteElo "1631"]
[BlackElo "1689"]
[PlyCount "59"]
[EventDate "2019.12.06"]
[EventType "swiss"]
[EventRounds "6"]
[EventCountry "BRA"]
[SourceTitle "CBM 193 Extra"]
[Source "ChessBase"]
[SourceDate "2020.01.31"]
[SourceVersion "1"]
[SourceVersionDate "2020.01.31"]
[SourceQuality "1"]

1. e4 c5 2. Nc3 d6 3. f4 Nf6 4. Nf3 g6 5. Bb5+ Nfd7 6. d3 a6 7. Bc4 Nb6 8. Bb3 Qc7 9. 0-0 c4 10. dxc4 Nxc4 11. Qd4 Qb6 12. Bxc4 Qxd4+ 13. Nxd4 Bg7 14. Nf3 0-0 15. Nd5 e6 16. Nb6 Ra7 17. Be3 Nc6 18. c3 Rd8 19. Rad1 Kf8 20. Bb3 Ke7 21. Nxc8+ Rxc8 22. Bxa7 Nxa7 23. f5 Bf6 24. fxg6 fxg6 25. e5 dxe5 26. Nd2 Nb5 27. Ne4 Bg7 28. a4 Nc7 29. Nc5 b6 30. Rd7+ 1-0

[Event "Osasco Terzian Memorial"]
[Site "Osasco"]
[Date "2019.12.06"]
[Round "1"]
[White "De Brito, Gabrielly Rodrigues"]
[Black "Alves, Peterson Reinan"]
[Result "0-1"]
[WhiteElo "1284"]
[BlackElo "1689"]
[PlyCount "72"]
[EventDate "2019.12.06"]
[EventType "swiss"]
[EventRounds "6"]
[EventCountry "BRA"]
[SourceTitle "CBM 193 Extra"]
[Source "ChessBase"]
[SourceDate "2020.01.31"]
[SourceVersion "1"]
[SourceVersionDate "2020.01.31"]
[SourceQuality "1"]

1. d4 e6 2. c4 d5 3. e3 Nf6 4. Nf3 c5 5. Nc3 Nc6 6. cxd5 Nxd5 7. Bc4 cxd4 8. Nxd4 Nxc3 9. bxc3 Bd7 10. 0-0 Rc8 11. Bd2 Nxd4 12. cxd4 Rxc4 13. Qb3 Qc7 14. Rac1 b5 15. a4 a6 16. axb5 Bxb5 17. Rxc4 Qxc4 18. Qxc4 Bxc4 19. Rc1 Bb5 20. Ba5 Bd7 21. Rb1 Bd6 22. Rb7 Ke7 23. g3 Rb8 24. Ra7 Rb1+ 25. Kg2 Ra1 26. Rxa6 Bc6+ 27. Rxc6 Rxa5 28. Rc2 e5 29. dxe5 Rxe5 30. Ra2 h5 31. h4 g5 32. hxg5 Rxg5 33. Ra7+ Ke6 34. Ra6 h4 35. Kh3 hxg3 36. fxg3 Rxg3+ 0-1

[Event "Barueri op 3rd"]
[Site "Barueri"]
[Date "2019.04.19"]
[Round "1"]
[White "Alves, Peterson Reinan"]
[Black "Marra, Eduardo da Costa"]
[Result "0-1"]
[WhiteElo "1700"]
[BlackElo "2166"]
[PlyCount "78"]
[EventDate "2019.04.19"]
[EventType "swiss"]
[EventRounds "6"]
[EventCountry "BRA"]
[SourceTitle "CBM 190 Extra"]
[Source "ChessBase"]
[SourceDate "2019.07.15"]
[SourceVersion "1"]
[SourceVersionDate "2019.07.15"]
[SourceQuality "1"]

1. Nf3 d5 2. g3 Nc6 3. Bg2 e5 4. d3 Nf6 5. 0-0 Be7 6. Nbd2 e4 7. dxe4 dxe4 8. Ng5 e3 9. Nb3 exf2+ 10. Kxf2 Ng4+ 11. Kg1 Bxg5 12. Qd5 Bf6 13. Qc4 Nge5 14. Qf4 0-0 15. Be3 b6 16. Nd4 Nxd4 17. Bxd4 Qxd4+ 18. Qxd4 Nf3+ 19. Bxf3 Bxd4+ 20. Kg2 Rb8 21. c3 Be5 22. Rad1 Be6 23. Rd3 Rfd8 24. Rfd1 Bf6 25. a3 Kf8 26. Bc6 Ke7 27. Kf3 h5 28. h4 Rd6 29. Bb5 Rbd8 30. R1d2 c5 31. Kf4 g6 32. a4 c4 33. Rxd6 Rxd6 34. Rxd6 Kxd6 35. e4 Be5+ 36. Kf3 Kc5 37. Be8 a6 38. Kf2 b5 39. Kf3 b4 0-1

[Event "Barueri op 3rd"]
[Site "Barueri"]
[Date "2019.04.19"]
[Round "2"]
[White "Ichimura G Barbosa, Larissa Yuki"]
[Black "Alves, Peterson Reinan"]
[Result "1-0"]
[WhiteElo "2006"]
[BlackElo "1700"]
[PlyCount "49"]
[EventDate "2019.04.19"]
[EventType "swiss"]
[EventRounds "6"]
[EventCountry "BRA"]
[SourceTitle "CBM 190 Extra"]
[Source "ChessBase"]
[SourceDate "2019.07.15"]
[SourceVersion "1"]
[SourceVersionDate "2019.07.15"]
[SourceQuality "1"]

1. e4 c5 2. Nf3 d6 3. d4 cxd4 4. Nxd4 Nf6 5. Nc3 e6 6. g4 Nc6 7. Bb5 Qc7 8. g5 Nd7 9. Be3 a6 10. Be2 b5 11. a3 Rb8 12. f4 b4 13. axb4 Nxb4 14. 0-0 g6 15. f5 gxf5 16. exf5 e5 17. Nf3 Nb6 18. Ne4 N6d5 19. Bd2 Nxc2 20. Rc1 Qb6+ 21. Kh1 Nde3 22. Bxe3 Nxe3 23. Qa4+ Kd8 24. Nf6 Qa7 25. Qe8# 1-0